000 00431nam a2200181Ia 4500
008 210210b1961 xxu||||| |||| 00| 0 eng d
041 _aeng
082 _a519/58
100 _aHARDY (G H)
245 _aCourse of pure mathematics
260 _aLondon
_bThe English Language Book Society.,
_c1961
650 _apure
650 _aof
650 _amathematics
650 _aCourse
690 _aMathematics
906 _a007919
999 _c140777
_d140777